00285nam a2200121Ia 45000030006000000080041000060400015000471000033000622450015000952600024001105460012001340050017001460STCL150530s9999 xx 000 0 und d aSTCLcSTCL aForster; Stallybrass; Editor aHoward end bPenguin booksc1941 aEnglish20220125171048.0